00478nam a2200193 a 4500001001300000003000900013005001700022008004100039020001000080082001500090100001900105245003100124260003500155300000800190500003500198505001000233650002200243700001900265nice12345678IN_TiNIC20260116012341.0050524s0000 atla grp 000 0 eng  ac10000a269.2bGUT aGutzke, George aIntroduction to the Bible. aAtlantabAtlanta Georgiac0000 a39p aincludes index and biblioraphy2 aIndex aEvangelistic Work1 aGutzke, George